| 000 | 01050nam0a22002651 4500 | ||
|---|---|---|---|
| 001 | rc\4177627 | ||
| 005 | 20260407110536.0 | ||
| 021 |
_aRU _b[49-24728] |
||
| 035 | _a(NLR Aleph) 008188067 | ||
| 090 |
_a7957780 _c7957780 |
||
| 100 | _a20130415d1949 |||y0rusy50 ca | ||
| 101 | 0 | _arus | |
| 102 | _aRU | ||
| 105 | _ay g ||||| | ||
| 200 | 1 |
_aСправочник для поступающих в лесные техникумы [в 1949 году] _fСост. А.И. Светлаков _gМ-во лесного хозяйства СССР |
|
| 210 |
_aМосква _cПушкинск. тип. _d1949 |
||
| 215 |
_a48 с. _d13 |
||
| 606 |
_aЛесные техникумы _jСправочники для поступающих _2psbo |
||
| 700 | 1 |
_aСветлаков _bА.И. _gАркадий Иванович _4220 |
|
| 712 | 0 | 1 |
_aСССР _bМинистерство лесного хозяйства _3RU\NLR\AUTH\889938414 _9371670 |
| 801 | 0 |
_aRU _bNLR _gpsbo |
|
| 801 | 1 |
_aRU _bELAR _2rusmarc |
|
| 852 |
_aNLR _jПр30 Г-2/171 |
||
| 942 | _cBOOK | ||
| 980 | _aNB | ||